Top 100 Selecciones Masculino - 2024 - Estadísticas

Estadísticas generales
  • Esta prueba ha sido intentada 167 veces
  • La puntuación promedio es 80 de 100
Estadísticas de respuestas
# Confederación Selección % Correcto
1. CONMEBOL Argentina
100%
3. UEFA España
100%
5. CONMEBOL Brasil
99%
2. UEFA Francia
99%
10. UEFA Alemania
98%
12. CONMEBOL Colombia
98%
19. CONCACAF México
98%
6. UEFA Portugal
98%
11. CONMEBOL Uruguay
98%
4. UEFA Inglaterra
97%
8. UEFA Bélgica
96%
9. UEFA Italia
96%
15. AFC Japón
96%
14. CAF Marruecos
96%
16. CONCACAF Estados Unidos
95%
7. UEFA Países Bajos
95%
34. UEFA Rusia
95%
27. UEFA Suecia
95%
13. UEFA Croacia
94%
47. CONMEBOL Venezuela
94%
20. UEFA Suiza
93%
26. AFC Australia
92%
24. CONMEBOL Ecuador
92%
43. UEFA Noruega
92%
35. UEFA Polonia
92%
17. CAF Senegal
92%
31. CONCACAF Canadá
91%
50. CONMEBOL Chile
91%
90. AFC China
91%
60. UEFA Irlanda
91%
22. UEFA Austria
90%
23. AFC Corea del Sur
90%
30. UEFA Hungría
90%
53. CONMEBOL Paraguay
90%
32. UEFA Serbia
90%
33. CAF Egipto
89%
41. UEFA Eslovaquia
89%
55. UEFA Eslovenia
89%
36. CONCACAF Panamá
89%
40. CONMEBOL Perú
89%
57. CAF Sudáfrica
89%
21. UEFA Dinamarca
88%
69. UEFA Finlandia
88%
28. UEFA Turquía
88%
25. UEFA Ucrania
88%
59. AFC Arabia Saudí
87%
79. CONMEBOL Bolivia
87%
42. UEFA República Checa
87%
54. CONCACAF Costa Rica
86%
18. AFC Irán
86%
39. UEFA Grecia
85%
44. CAF Nigeria
85%
37. CAF Argelia
84%
70. UEFA Islandia
84%
89. OFC Nueva Zelanda
84%
49 CAF Camerún
83%
48. AFC Catar
83%
75. CONCACAF Honduras
83%
74. UEFA Bosnia y Herzegovina
82%
45. UEFA Escocia
82%
38. UEFA Rumania
82%
65. UEFA Albania
81%
56. AFC Irak
81%
82. UEFA Bulgaria
79%
29. UEFA Gales
79%
46. CAF Costa de Marfil
78%
68. UEFA Georgia
78%
52. CAF Túnez
78%
61. CAF R.D. Congo
75%
83. CONCACAF El Salvador
74%
98. UEFA Bielorrusia
73%
76. UEFA Israel
73%
77. CAF Ghana
72%
62. CONCACAF Jamaica
72%
73. UEFA Montenegro
71%
67. UEFA Macedonia del Norte
70%
100. UEFA Armenia
69%
99. UEFA Kosovo
69%
71. UEFA Irlanda del Norte
68%
51. CAF Mali
68%
78. CAF Guinea
67%
95. AFC Siria
61%
85. CAF Angola
60%
63. AFC Emiratos Árabes Unidos
60%
86. CONCACAF Haití
60%
84. CAF Gabón
58%
64. AFC Jordania
58%
80. AFC Omán
57%
93. CAF Guinea Ecuatorial
56%
87. CAF Zambia
56%
92. UEFA Luxemburgo
54%
97. AFC Tailandia
54%
72. CAF Cabo Verde
53%
58. AFC Uzbekistán
52%
96. CAF Mozambique
51%
88. CAF Uganda
44%
66. CAF Burkina Faso
43%
81. AFC Baréin
40%
94. CAF Benín
37%
91. CONCACAF Curazao
20%
No se encontraron pruebas coincidentes
Distribución de puntuación
Porcentaje de gente con cada puntuación
Porcentaje por número respondido
Historial de tus puntuaciones
No has intentado esta prueba.